Un Parère De Jurisprudence Comparative : (Record no. 59583)
[ view plain ]
| 000 -LEADER | |
|---|---|
| fixed length control field | 01547nam a2200325 i 4500 |
| 003 - CONTROL NUMBER IDENTIFIER | |
| control field | EG-GICUC |
| 005 - DATE AND TIME OF LATEST TRANSACTION | |
| control field | 20260127134004.0 |
| 008 - FIXED-LENGTH DATA ELEMENTS--GENERAL INFORMATION | |
| fixed length control field | 260127s1934 fr ||fr|||| 000 0 fre d |
| 040 ## - CATALOGING SOURCE | |
| Original cataloging agency | EG-GiCUC |
| Language of cataloging | fre |
| Transcribing agency | EG-GiCUC |
| Modifying agency | EG-GiCUC |
| Description conventions | Rda |
| 041 #0 - LANGUAGE CODE | |
| Language code of text/sound track or separate title | fre |
| 082 04 - DEWEY DECIMAL CLASSIFICATION NUMBER | |
| Edition number | 21 |
| Classification number | 341.9 |
| Item number | LA . U |
| 092 04 - LOCALLY ASSIGNED DEWEY CALL NUMBER (OCLC) | |
| Edition number | 21 |
| 099 ## - LOCAL FREE-TEXT CALL NUMBER (OCLC) | |
| Classification number | Law1 12 341.9 LA . U 1934 |
| 100 1# - MAIN ENTRY--PERSONAL NAME | |
| Personal name | Lambert, Edouard |
| Relator term | Auteur |
| 245 14 - TITLE STATEMENT | |
| Title | Un Parère De Jurisprudence Comparative : |
| Remainder of title | 1° Dettes Contractées En Monnaie Étrangère Règles Du Droit International Sur Leur Paiement Application Aux Questions Posées En Allemagne Par La Chute De La Livre Et Du Dollar 2º Le Role De La Clause Compromissoire Dans Les Marchés Du Commerce International Consullation Donnée À La Représentation Commerciale De L'u. R. S. S. En Allemagne / |
| Statement of responsibility, etc. | Par Edouard Lambert. |
| 264 #3 - PRODUCTION, PUBLICATION, DISTRIBUTION, MANUFACTURE, AND COPYRIGHT NOTICE | |
| Place of production, publication, distribution, manufacture | Paris : |
| Name of producer, publisher, distributor, manufacturer | Marce Giard, |
| Date of production, publication, distribution, manufacture, or copyright notice | 1934. |
| 300 ## - PHYSICAL DESCRIPTION | |
| Extent | 221 page, |
| Dimensions | 24 cm. |
| Other physical details | |
| 336 ## - CONTENT TYPE | |
| Source | rda contenu |
| Content type term | texte |
| 337 ## - MEDIA TYPE | |
| Source | rda medias |
| Media type term | Ordinateur |
| 338 ## - CARRIER TYPE | |
| Source | transporteur rda |
| Carrier type term | Ressource en ligne |
| 490 ## - SERIES STATEMENT | |
| Series statement | Bibliothe De L'institut De Droit Compare De Lyon |
| Volume/sequential designation | Tome 33 |
| 500 ## - GENERAL NOTE | |
| General note | Contenant Le<br/>Commentaire De La Loi Nouvelle Sur La Nationalité<br/>Du 10 Août 1927<br/>Et Assurant La Complète Mise À Jour De Ce Manuel Sur Cette Matière |
| 504 ## - BIBLIOGRAPHY, ETC. NOTE | |
| Bibliography, etc. note | comprend des références bibliographiques |
| 546 ## - LANGUAGE NOTE | |
| Language note | Texte en français |
| 650 14 - SUBJECT ADDED ENTRY--TOPICAL TERM | |
| Topical term or geographic name entry element | Droit international privé |
| Source of heading or term | |
| 651 1# - SUBJECT ADDED ENTRY--GEOGRAPHIC NAME | |
| Source of heading or term | |
| 856 40 - ELECTRONIC LOCATION AND ACCESS | |
| Uniform Resource Identifier | <a href="https://fll.law.cu.edu.eg/fulltext/bks/B12-02070.pdf">https://fll.law.cu.edu.eg/fulltext/bks/B12-02070.pdf</a> |
| 905 ## - Cataloger and Reviser Names | |
| Cataloger Name: | Basma Mohamed |
| 942 ## - ADDED ENTRY ELEMENTS (KOHA) | |
| Source of classification or shelving scheme | Dewey Decimal Classification |
| Koha item type | Books |
| Edition | 21 |
| Suppress in OPAC | No |
| Withdrawn status | Lost status | Source of classification or shelving scheme | Damaged status | Not for loan | Collection | Home library | Current library | Date acquired | Total checkouts | Full call number | Barcode | Date last seen | Copy number | Price effective from | Koha item type |
|---|---|---|---|---|---|---|---|---|---|---|---|---|---|---|---|
| Dewey Decimal Classification | Not for loan | القانون الدولي الخاص | جــــامعة القــاهرة | مكتبة كلية الحقوق - المبنى الرئيسي | 27.01.2026 | Law1 12 341.9 LA . U 1934 1201070 C1 | B12-02070 | 27.01.2026 | 1 | 27.01.2026 | Books |